00484nam a2200157Ia 4500001001000000003000500010008004100015010001100056040000900067100001900076245007100095260006000166300001400226440004200240650004400282Para_3900CHAP220125s1943 xx 000 0 und d a202401 cCHAP aGarman, Philip aControl of the apple maggot with rotenone dusts /c Philip Garman aStorrs, Conecticut :b Agricultural Experiment Station ap.437-442 aConnecticut. Agr. Exp. Sta. Bull; 474 aRhagoletis pomonella Manzana x Plagas